000 00471nam a2200181Ia 4500
005 20250317130208.0
008 008 250317s9999 xx 000 0 eng d
037 _aTextbook
040 _aFMSL
_beng
_cFMSL
041 _aeng
_2eng
084 _qFMSL
100 _aNeelamegham S
245 0 _aMarketing in India cases and readings
260 _aVikas
_bVikas, Pub. House
_c1988
300 _a952p
942 _cTB
999 _c1262730
_d1262730